000 00483nam a2200193Ia 4500
005 20250703122510.0
008 230524s9999 xx 000 0 und d
020 _a8120320646
082 _a621.3815
_bBOY
100 _aRobert L.Boylestad
245 0 _aElectronic Devices and Circuit Theory
250 _a8TH
260 _aNEW DELHI
_bPHI
_c2005
300 _aXVIII;1013
500 _aQuantity Number: 776
650 _aElectronics
700 _a Louis Nashelsky
942 _cBK
999 _c9058
_d9058